Normal view
MARC view
Entry Personal Name
001 - CONTROL NUMBER
- control field: 1237019
003 - CONTROL NUMBER IDENTIFIER
- control field: OSt
005 - DATE AND TIME OF LATEST TRANSACTION
- control field: 20260430150259.0
008 - FIXED-LENGTH DATA ELEMENTS
- fixed length control field: 260430|| aca||aabn | a|a d
040 ## - CATALOGING SOURCE
- Original cataloging agency: OSt
- Transcribing agency: OSt
100 ## - HEADING--PERSONAL NAME
- Personal name: Pooja Akshay Au.; Sarita Anand Gu
670 ## - SOURCE DATA FOUND
- Source citation: Work cat.: (OSt)1849407: Pooja Akshay Au.; Sarita Anand Gu., ICTs for Health : Community Radio as an Enabler for Promoting Mother and Child Health (MCH), 2022
